000 00815nam a2200205 a 4500
001 BRCA_1876
005 20190320203602.0
008 100608s1976----mx-#---###---#000-0#spa-#
050 4 _aAM23
_b.P65 1976
245 1 0 _aPolítica de museos del INAH.
260 _aMéxico
_bINAH, Dirección de Museos
_c1976
300 _a1 v. (sin paginación)
_c28 cm.
440 0 _aCuadernos de los museos
_95803
500 _aFotocopias
501 _aEncuadernado con : Normas generales para el movimiento de colecciones de los museos del INAH
610 2 4 _aInstituto Nacional de Antropología e Historia (Ciudad de México)
_vPoliticas de organización
_xMuseos
_95804
650 1 4 _aMuseos
_xAdministración
_zMéxico
_95805
740 0 _aNormas generales para el movimiento de colecciones de los museos del INAH
942 _2lcc
_cB
999 _c1653
_d1653